Smallest Countries by GDP (Nominal) - Statistics

General Stats
  • This quiz has been taken 41 times
  • The average score is 12 of 15
Answer Stats
GDP (US$Million) Country % Correct
49 Tuvalu
97%
220 Marshall Islands
95%
310 Palau
95%
187 Kiribati
92%
493 Tonga
90%
942 Vanuatu
85%
383 Micronesia
82%
1,511 Solomon Islands
77%
902 Samoa
74%
1,058 St. Kitts and Nevis
74%
864 St. Vincent and the Grenadines
74%
1,272 Grenada
72%
477 São Tomé and Príncipe
62%
726 Comoros
59%
542 Dominica
59%
No matching quizzes found
Score Distribution
Percent of People with Each Score
Percentile by Number Answered
Your Score History
You have not taken this quiz